IEP Lyon : Histoire des totalitarismes 5 : la guerre totale (2/3) - Statistiques

Statistiques générales
  • Ce quiz a été pris 48 fois
  • Le résultat moyen est 19 sur 49
Statistiques - réponses
Questions Réponses % Correct
Qui dirige la SS ? Heinrich Himmler
89%
Après la nuit des longs couteaux, Himmler va commencer à monopoliser les fonctions de la police (qui revenait aux SA). Il est nommé chef de la police allemande en... 1936
82%
Nom du premier camp de concentration ? Dachau
82%
La Pologne disparaît, partagée entre l'Allemagne et l'URSS en... 1939
71%
Est mise en place une police criminelle (Kripo pour Kriminalpolizei) qui ambitionne de « purifier » le corps social des « étrangers à la communauté » dès... (année). -> Homosexuels, "asociaux"... 1938
68%
Une période de radicalisation qui remonte à début 1938 (premiers succès diplomatiques allemands) avec l'annexion de l'... (les juifs de ce pays subissent des violences). Autriche
68%
Volonté nazie de conquérir un [...] (deux mots) (lebensraum) pour la race aryenne. Espace vital
64%
Fin 1935, lors du congrès de [..] Hitler promulgue deux lois : celle « pour la protection du sang et de l’honneur allemand » (interdit les mariages mixtes, instaure la notion de souillure raciale) et celle pour « la citoyenneté du Reich » (prive les juifs de leurs droits politiques). Nuremberg
64%
Ce camps est placé sous la direction de l'Inspection des camps de concentration à l'année... 1934
61%
La politique nazi consistant à empêcher certaines populations de se reproduire peut être qualifiée d'... Eugéniste
61%
La SS contrôle ainsi la police, mais également certaines entreprises et une branche militaire : la... Waffen-SS
57%
Création de Auschwitz en... 1940
54%
Contre le communisme, danger mortel (cette idéologie a quand même fait 1123165 trilliards de morts ahah j'ai pas raison ?? ^^), Hitler présente le combat à venir comme une guerre d'... Anéantissement
54%
L'assassinat de dizaines de milliers de malades mentaux commence en... -> mais avait été préparé toute l'année d'avant. 1940
50%
Période de radicalisation de la violence des camps entre 1939 et [...]. Changement du profil des détenus. 1942
50%
Pogrom de la nuit de cristal le... (xx mois xxxx). 9 novembre 1938
50%
À partir de [...] (année) les troupes allemandes reculent et pratiquent la politique de la terre brûlée, et cherchent à emporter avec elles des milliers de soviétiques pour les déporter au titre du travail forcé. 1943
46%
Nom de la campagne de meurtre de patients en hôpital psychiatrique qui tue 70 000 personnes entre 1940 et 1941. Aktion T4
43%
Le plan d'affamement partiel des régions du nord est un relatif échec. Cependant la situation alimentaire reste critique jusqu'en [...] (année) et fait 1 millions de morts. 1942
39%
L’occupation allemande de la Pologne se fait dans beaucoup de violence, 2 formes : -Milices d’autodéfense composées d’[...] ethniques (Selbstschutz). -> des assassinats contre eux servent à justifier des massacres et un sentiment anti-polonais. Allemands
39%
Mise en place des [...] constitués des membres des forces de police (Gestapo, Kripo, SD). Ils ont pour mission d’éliminer la « classe dominante de la population polonaise » : soit par déportation soit par assassinats. Einsatzgruppen
39%
Décret [...] : simplification à l’extrême des procédures de jugement de civils soviétiques susceptibles d’être accusés de résistance (troupes combattantes sont autorisées à se faire justice elles-mêmes). Barbarossa
36%
On estime que ? millions de personnes sont passées par le système concentrationnaire nazi. 2
32%
Colonisation de territoires de l'URSS avec la déportation de 30 à ? millions de slaves vers l'Est. 50
32%
On parle d'[...] d'État. Antisémitisme
32%
Les détenus de certains camps subissent des experiences... Médicales
32%
Dans sa "guerre raciale" contre les peuples slaves et les juifs, combien prévoit-il d'en voir périr (fourchette haute, en millions) ? 30
29%
Les premiers camps nazi qui disparaîtront rapidement sont appelés les camps d'... (deux mots). Internement sauvage
29%
"Loi de prévention des maladies héréditaires" (politique de stérilisation massive) en... (mois xxxx). Juillet 1933
29%
Jusqu'en 1945 : explosion du nombre de détenus et de la violence. Utilisation accrue de la [...] concentrationnaire pour participer à l'effort de guerre. Main-d'œuvre
29%
Quand a lieu le soulèvement contre les forces allemandes à Varsovie ? (xx mois xxxx) -> échec 1 août 1944
25%
La discrimination des populations juives se poursuit avec la loi du [...] (xx mois xxxx) de « rétablissement des fonctions publiques professionnelles ». 7 avril 1933
25%
Dans une volonté anti-slave et de "pureté raciale", Himmler est nommé par Hitler commissaire du Reich pour le renforcement de la [...] (doit mettre en œuvre une politique de purification ethnique des territoires occupés) Germanité
25%
Les tsiganes sont également visés par ces politiques de déportation et mise en place d’un Office de recherche sur l’hygiène raciale sous la direction de... Robert Ritter
25%
Ce dernier a des projets extrêmement ambitieux : il veut déporter vers l’Est tous les habitants des régions annexées (=7.5M de personnes), afin d’installer à leur place des Allemands ethniques. Ce projet n’aboutira pas, matériellement irréalisable. Combien de Polonais seront-ils déportés ? 400 000
21%
Cette opération contre les partisans fait ? victimes civiles. 500 000
21%
La population majoritaire des camps entre 1933 et 1939 sont les... Asociaux
21%
Le système concentrationnaire prend fin entre [...] et [...] 1945 (donnez les deux dates à la suite, deux mois). Janvier-Mai
21%
Quel instrument les nazis utilisent-ils contre les conquêtes en URSS (notamment en ponctionnant les productions agricoles pour les besoins de l'armée où en isolant certains centres) ? La famine
21%
Accroissement du pouvoir policier -> création en 1939 de l'... (six mots) (RSHA en allemand). Office central de sécurité du Reich
21%
Les soldats soviétiques sont envoyés dans des camps dans lesquels plus de la moitié meurent. Trois catégories de soldats : les dangereux (destinés à être exécutés), les centraux et les... Récupérables
21%
Les camps de concentration comptent ? fois plus de détenus en 1945 qu'en 1939. 30
18%
Est mise en place une « action pacificatrice extraordinaire » en 1940 qui fait ? morts en quelques mois. 3500
18%
Campagne de boycott des magasins juifs en... (mois xxxx). Avril 1933
18%
Nombre de travailleurs forcés estimés en août 1944 ? (en millions) 7,5
14%
Pour Hitler le moteur d'explication de l'histoire est avant tout l'action secrète des juifs qui cherchent à nuire à l'Allemagne. Le 30 janvier 1939 il énonce publiquement que si une nouvelle guerre mondiale advenait (qu’il impute aux juifs), elle aboutirait sur « l’anéantissement de la race juive d’Europe ». On a affaire à une logique... Complotiste
14%
Pour lutter contre les partisans, se met en place une administration d'échelon [...] de la police et de la SS. Régional
7%
Combien de patients sont tués entre 1940 et 1945 ? 190 000
4%
Nom du camps dirigé par l'ingénieur Werner von Braun dans lequel on fabrique le missile V2. Dora-Mittlebau
4%
Aucun quiz correspondant
Distribution des résultats
% des personnes avec chaque résultat
Percentile par nombre de réponses
Votre historique - résultats
Vous n’avez pas pris ce quiz